000 01328cad a22002175a 4500
001 E149886
008 100512s2010 xxk f f000 0 eng d
035 _a(Sirsi) u149886
041 0 _aeng
110 2 _aUnited Kingdom
_bMinistry of Justice
_95477
245 0 4 _aThe annual pledge report 2008/09
_bmonitoring the effectiveness of the government's commitment to using alternative dispute resolution
_h[electronic resource]
260 _aLondon
_bMinistry of Justice
_c2010
505 2 _aThe pledge commitments -- Introduction -- Reviewing progress -- Illustrative cases -- Developing awareness of ADR -- Other ADR activities
520 _aSets out details of the use of Alternative Dispute Resolution (ADR) in Government over the last year and discusses activities carried out under the Pledge,. Also gives details of how awareness of ADR use by government departments and agencies has been developed, and lists Other ADR activities within Government.
521 _aAdvanced
590 _aKA NTK
651 4 _aEngland and Wales
_y1543-
690 _aMANAGEMENT-DISPUTE AVOIDANCE, MANAGEMENT AND RESOLUTION-DISPUTE MANAGEMENT AND RESOLUTION
856 4 0 _uhttps://www.justice.gov.uk/publications/docs/alternative-dispute-resolution-08-09.pdf
_zView the report free of charge (PDF file) at www.justice.gov.uk
942 _n0
999 _c110666
_d110666